Drastic plastic measures (Record no. 121084)
[ view plain ]
| 000 -LEADER | |
|---|---|
| fixed length control field | 00864nas a22002297a 4500 |
| 001 - CONTROL NUMBER | |
| control field | K121084 |
| 007 - PHYSICAL DESCRIPTION FIXED FIELD--GENERAL INFORMATION | |
| fixed length control field | ta |
| 008 - FIXED-LENGTH DATA ELEMENTS--GENERAL INFORMATION | |
| fixed length control field | 190812b2019 ||||| |||| 00| 0 eng d |
| 041 ## - LANGUAGE CODE | |
| Language code of text/sound track or separate title | eng |
| 100 ## - MAIN ENTRY--PERSONAL NAME | |
| Personal author | Law, Anthony |
| 245 ## - TITLE STATEMENT | |
| Title | Drastic plastic measures |
| 260 ## - PUBLICATION INFORMATION | |
| Date | 2019 |
| 490 ## - SERIES TITLE | |
| Series statement | RICS Property Journal |
| Volume | July/August 2019, 28-29(2) |
| 520 ## - ABSTRACT | |
| Abstract | Looks at measures facility managers can take to reduce the use of single-use plastics. These include recycling, using only polyethylene terephthalate (PET) and other already recycled plastics. |
| 650 ## - KEYWORDS | |
| Keywords | SINGLE USE PLASTICS |
| 650 ## - KEYWORDS | |
| Keywords | RECYCLING |
| 650 ## - KEYWORDS | |
| Keywords | RESPONSIBLE BUSINESS |
| 651 ## - SUBJECT ADDED ENTRY--GEOGRAPHIC NAME | |
| Geographic name | United Kingdom 1973 |
| 690 ## - LOCAL SUBJECT ADDED ENTRY--TOPICAL TERM (OCLC, RLIN) | |
| 9 (RLIN) | 6240 |
| Topical term or geographic name as entry element | Facilities management |
| 690 ## - LOCAL SUBJECT ADDED ENTRY--TOPICAL TERM (OCLC, RLIN) | |
| 9 (RLIN) | 6271 |
| Topical term or geographic name as entry element | Sustainability |
| 856 ## - ONLINE RESOURCE | |
| Uniform Resource Identifier | https://issuu.com/ricsmodus/docs/property_journal_july-aug_2019/34 |
| Link text | Available free online via Issuu |
| Withdrawn status | Lost status | Damaged status | Not for loan | Home library | Current library | Date acquired | Total Checkouts | Date last seen | Price effective from | Koha item type |
|---|---|---|---|---|---|---|---|---|---|---|
| Virtual | Virtual | 12/08/2019 | 12/08/2019 | 12/08/2019 | Journal article |